Responses for Show #6123 - Wednesday, April 6, 2011

Christopher Short game 4.

Contestants

[<< previous game]

Beth Ford Roth, a freelance writer from Carlsbad, California

Connie Loren, a speech language pathologist from Wichita, Kansas

Christopher Short, a pub trivia editor from Crawfordsville, Indiana (whose 3-day cash winnings total $38,399)

[next game >>]

Jeopardy! Round responses

ONE MAN, ONE BOAT
HORTON HEARS A HOOSIER
ANAGRAMS
THE VEEP RIGHT BEFORE...
CHEESY INTERNATIONAL PICKUP LINES
GREAT WOMEN IN SPORTS
(Hannah Storm: ...with me, ESPN's Hannah Storm.)
    $200 26
[The end-of-round signal sounds.]

1876

Christopher
    $200 11
Wilbur Wright

Christopher
    $200 1
awl (from law)

Christopher
    $200 25
Dick Cheney

Christopher
    $200 14
Rio de Janeiro

Beth
    $200 6
Navratilova

Christopher
    $400 12
(David) Letterman

Christopher
    $400 2
marbles (from rambles)

Connie
    $400 24
John Adams

Beth
    $400 15
the Eiffel Tower

Connie
    $400 7
Babe Didrikson

Beth
    $600 13
Jimmy Hoffa

Beth
    $600 3
the coast (from coats)

Connie
    $600 23
Spiro Agnew

Triple Stumper
    $600 16
Madrid

Beth
    $600 8
(Lindsey) Vonn

Christopher
    $800 19
Redenbacher

Christopher
    $800 4
the desert (from rested)

Connie
    $800 22
Walter Mondale

Christopher
    $800 17
Venice

Christopher
    $800 9
Bonnie Blair

Beth
    $1000 20
(Alex: You are right, with a minute to go.)

Vonnegut

Christopher
    $1000 5
Medusa (from amused)

Beth
    $1,000 21
Lyndon Baines Johnson

Christopher
    $1000 18
Hong Kong

Christopher
    $1000 10
(Alex: [*]! Well done! $1,000 more for you, and and our thanks to Hannah Storm for delivering those clues so well. That scares me.)

(Janet) Guthrie

Christopher

Scores at the first commercial break (after clue 13):

Christopher Connie Beth
$2,600 $1,800 $2,800

Scores at the end of the Jeopardy! Round:

Christopher Connie Beth
$8,400 $2,200 $4,000

Double Jeopardy! Round responses

WHOSE BOOK TITLE?
ACTORS, KNOW YOUR LINES
CEREAL LETTER DROP
ROADSIDE AMERICA
BETTER KNOWN AS
GOING P-F-T
(Alex: Each correct response will beging with a "P" and be followed at some point with an "F" and a "T".)
    $400 1
Lady Chatterley

Connie
    $400 15
Will Ferrell

Connie
    $400 16
Frosted Fakes

Connie
    $400 30
Superman

Connie
    $400 21
Machine Gun Kelly

Beth
    $400 12
profit

Beth
    $800 2
Angela

Christopher
    $800 14
Samuel L. Jackson

Christopher
    $800 17
Ice Krispies

Connie
    $800 29
Stonehenge

Connie
    $800 22
Tuesday Weld

Beth
    $800 11
parfait

Christopher
    $1200 3
Bridget Jones

Beth
    $1200 13
Mike Myers

Beth
    $1200 18
(Beth: What are Oops Loops? Oop Loops?)

Froot Oops

ChristopherBeth
    $1200 27
Georgia

Connie
    $1200 23
(Beth: Who is...)

Tennessee Williams

Beth
Triple Stumper
    $1200 10
profanity

Christopher
    $1600 4
Smilla

Beth
    $2,000 7
Gene Wilder

Christopher
    $1600 19
Lucky Harms

Connie
    $1600 26
twine

Christopher
    $1600 24
Lillie Langtry

Connie
    $1600 9
perfect

Christopher
    $2,400 5
Galileo

Beth
    $2000 6
Robert Downey Jr.

Christopher
    $2000 20
(Christopher: Uh, what are Gape-Nuts?)

Raisin Ban

Christopher
Triple Stumper
    $2000 28
New Jersey

Connie
    $2000 25
(Alex: [*] is right, with a minute to go.)

Red Adair

Connie
    $2000 8
prefect

Triple Stumper

Scores at the end of the Double Jeopardy! Round:

Christopher Connie Beth
$18,400 $13,800 $9,600

[wagering suggestions for these scores]

Final Jeopardy! Round responses

COMPOSERS
BethWho was Mendelsonn?
$9,598
ConnieWho is Mussorgsky?
$6,000
ChristopherWho is Mendelssohn?
$9,200
Felix Mendelssohn

Final scores:

Christopher Connie Beth
$27,600 $7,800 $19,198
4-day champion: $65,999 3rd place: $1,000 2nd place: $2,000

Game dynamics:

Coryat scores:

Christopher Connie Beth
$18,000 $13,800 $9,200
23 R
(including 2 DDs),
1 W
15 R,
0 W
14 R
(including 1 DD),
2 W

Combined Coryat: $41,000

[game clues] [game scores] [suggest correction]

Game tape date: 2010-11-30
The J! Archive is created by fans, for fans. Scraping, republication, monetization, and malicious use prohibited; this site may use cookies and collect identifying information. See terms. The Jeopardy! game show and all elements thereof, including but not limited to copyright and trademark thereto, are the property of Jeopardy Productions, Inc. and are protected under law. This website is not affiliated with, sponsored by, or operated by Jeopardy Productions, Inc. Join the discussion at JBoard.tv.